000 005300000a22001810004500
003 MACL
005 20160416145950.0
008 160416b xxu||||| |||| 00| 0 eng d
040 _aMACL
_cMACL
041 _aHindi
082 _a610
100 _aचतुरसेन आचार्य
_937332
245 _aआदर्श भोजन
260 _bराजपाल एण्‍ड सन्‍ज
_c1973
_aनई दिल्‍ली
350 _a1.50
650 _aMedical Science
_952474
942 _cHIN
_k610
_2ddc
999 _c22319
_d22319